The legal status of fish farming (Record no. 4719)
[ view plain ]
| 000 -LEADER | |
|---|---|
| fixed length control field | 01005cab a2200193 4500 |
| 001 - CONTROL NUMBER | |
| control field | ABS37950 |
| 008 - FIXED-LENGTH DATA ELEMENTS--GENERAL INFORMATION | |
| fixed length control field | 090401t1987 xxu||||| |||| 00| 0 eng d |
| 035 ## - SYSTEM CONTROL NUMBER | |
| System control number | (Sirsi) u7759 |
| 041 ## - LANGUAGE CODE | |
| Language code of text/sound track or separate title | eng |
| 100 ## - MAIN ENTRY--PERSONAL NAME | |
| Personal name | Howarth, W. |
| 245 #4 - TITLE STATEMENT | |
| Title | The legal status of fish farming |
| 260 ## - PUBLICATION, DISTRIBUTION, ETC. | |
| Date of publication, distribution, etc. | 1987 |
| 350 ## - PRICE (NR) (BK AM CF MU VM SE) [OBSOLETE] | |
| Price | 0 |
| 490 ## - SERIES STATEMENT | |
| Series statement | Law Society`s Gazette |
| Volume/sequential designation | 84(25) 1 July 1987, 484-496(13) |
| 520 ## - SUMMARY, ETC. | |
| Summary, etc. | Traces the growth and development of fish farming. Examines the difficulty of encouraging expansion of fish farming by removing restrictions and deplores the lack of a single legal definition. Concentrates on four areas of the law : 1) requirements of licensing and registration 2) the power of the Minister of Agriculture to control the spread of disease 3) the Fisheries Act 1981 which removed restrictions impeding development of the industry, and 4) fish farming as agriculture, looks at planning control, rating and water supply to fish farms. |
| 690 ## - LOCAL SUBJECT ADDED ENTRY--TOPICAL TERM (OCLC, RLIN) | |
| Topical term or geographic name as entry element | RURAL PRACTICE |
| 942 ## - ADDED ENTRY ELEMENTS (KOHA) | |
| Suppress in OPAC | 0 |
| 948 ## - LOCAL PROCESSING INFORMATION (OCLC); SERIES PART DESIGNATOR (RLIN) | |
| c (OCLC) | 04/03/1997 |
| Withdrawn status | Lost status | Source of classification or shelving scheme | Damaged status | Not for loan | Home library | Current library | Shelving location | Date acquired | Total Checkouts | Full call number | Barcode | Date last seen | Copy number | Price effective from | Koha item type |
|---|---|---|---|---|---|---|---|---|---|---|---|---|---|---|---|
| Dewey Decimal Classification | London | London | Journal article | 14/09/1999 | ABS37950 | 7759-1001 | 06/08/2019 | 1 | 06/08/2019 | Journal article |